000 00297nam a22001337a 4500
999 _c160305
_d160305
020 _a
082 _a
_b
100 _aArchana Verma
245 _aNirala ke srajan-simant/
_cby Archana Verma.
260 _aNew Delhi :
_bRadhakrishnan,
_c2005.
300 _a248p.
650 _a
942 _cBK